Chương trình giáo dục phổ thông môn giáo dục quốc phòng và an ninh Ban hành kèm theo Quyết định số 16/2006/QĐ-BGDĐT ngày 05 tháng 5 năm 2006 của Bộ trưởng Bộ Giáo dục và Đào tạo

Giới thiệu vị trí, mục tiêu, nội dung, phương pháp dạy học và đánh giá kết quả học tập

Na minha lista:
Detalhes bibliográficos
Formato: Livro
Idioma:Vietnamese
Publicado em: H. Giáo dục 2006
Colecção:Bộ Giáo dục và Đào tạo
Assuntos:
Tags: Adicionar Tag
Sem tags, seja o primeiro a adicionar uma tag!
Thư viện lưu trữ: Mạng thư viện Đại học Đà Nẵng
LEADER 01535nam a2200409 4500
001 000006546
003 2703
005 20110914110929.0
008 110913s2006 viesd
020 |c 000đ 
041 0 |a vie 
082 |a 373.19  |b Chư 
245 0 |a Chương trình giáo dục phổ thông môn giáo dục quốc phòng và an ninh  |b Ban hành kèm theo Quyết định số 16/2006/QĐ-BGDĐT ngày 05 tháng 5 năm 2006 của Bộ trưởng Bộ Giáo dục và Đào tạo 
260 |a H.  |b Giáo dục  |c 2006 
300 |a 19 tr  |b bảng  |c 29x20cm 
490 |a Bộ Giáo dục và Đào tạo 
520 |a Giới thiệu vị trí, mục tiêu, nội dung, phương pháp dạy học và đánh giá kết quả học tập 
653 |a Phổ thông trung học 
653 |a Trung học cơ sở 
653 |a Chương trình 
653 |a Giáo dục 
653 |a Việt Nam 
653 |a An ninh 
653 |a Sách giáo viên 
653 |a Tiểu học 
653 |a Quốc phòng 
910 |a Nguyễn Thị Kim Oanh  |d 13/09/2011 
OWN |a LSP 
AVA |a UDN50  |b LSP  |d 373.19 Chư  |e available  |t Error 5001 Not defined in file expand_doc_bib_avail.  |f 1  |g 0  |h N  |i 0  |k 1 
999 |a From the UDN01 
AVA |a UDN50  |b LSP  |d 373.19 Chư  |e available  |t Error 5001 Not defined in file expand_doc_bib_avail.  |f 1  |g 0  |h N  |i 0  |k 1 
TYP |a Monograph 
TYP |a Printed language 
980 |a Mạng thư viện Đại học Đà Nẵng